Cultura musical iv /
Guardado en:
| Autor Principal: | |
|---|---|
| Formato: | Libro |
| Publicado: |
Buenos Aires :
El Ateneo,
1979
|
| Edición: | 2a. ed. |
| Materias: | |
| Etiquetas: |
Agregar Etiqueta
Sin Etiquetas, Sea el primero en etiquetar este registro!
|
| LEADER | 01283nam a22002895a 4500 | ||
|---|---|---|---|
| 001 | CEM.cems005563 | ||
| 005 | 20080716171142.0 | ||
| 008 | 130507s1979##################000#0#####d | ||
| 003 | CEMS | ||
| 082 | 0 | 4 | |a 780.7 |
| 100 | 1 | |a Roldán, Waldemar Axel | |
| 245 | 1 | 0 | |a Cultura musical iv / |
| 250 | |a 2a. ed. | ||
| 260 | |a Buenos Aires : |b El Ateneo, |c 1979 | ||
| 300 | |a 114 p. | ||
| 653 | |a Cultura músical | ||
| 653 | |a Cultura músical 4to. año | ||
| 859 | |a CEMS |b BIB. CEMS - 11 de abril |h 780.7 |i R643-2a2 |p 7476.80 |t Ej.1 |v IV |3 IV | ||
| 859 | |a CEMS |b BIB. CEMS - 11 de abril |h 780.7 |i R643-2a2 |p 7477.80 |t Ej.2 |v IV |3 IV | ||
| 859 | |a CEMS |b BIB. CEMS - 11 de abril |h 780.7 |i R643-2a2 |p 7478.80 |t Ej.3 |v IV |3 IV | ||
| 859 | |a CEMS |b BIB. CEMS - 11 de abril |h 780.7 |i R643-2a2 |p 7479.80 |t Ej.4 |v IV |3 IV | ||
| 859 | |a CEMS |b BIB. CEMS - 11 de abril |h 780.7 |i R643-2a2 |p 7480.80 |t Ej.5 |v IV |3 IV | ||
| 859 | |a CEMS |b BIB. CEMS - 11 de abril |h 780.7 |i R643-2a2 |p 7481.80 |t Ej.6 |v IV |3 IV | ||
| 859 | |a CEMS |b BIB. CEMS - 11 de abril |h 780.7 |i R643-2a2 |p 7482.80 |t Ej.7 |v IV |3 IV | ||
| 859 | |a CEMS |b BIB. CEMS - 11 de abril |h 780.7 |i R643-2a2 |p 7483.80 |t Ej.8 |v IV |3 IV | ||
| 859 | |a CEMS |b BIB. CEMS - 11 de abril |h 780.7 |i R643-2a2 |p 7484.80 |t Ej.9 |v IV |3 IV | ||
| 859 | |a CEMS |b BIB. CEMS - 11 de abril |h 780.7 |i R643-2a2 |p 7485.80 |t Ej.10 |v IV |3 IV | ||
